Statistics for Biggest Trading Partners - India

Click here to take the quiz!

General Stats

  • This quiz has been taken 447 times
  • The average score is 21 of 27

Answer Stats

Exports Imports Country % Correct
40.3 bil20.5 bilUnited States
99%
21.7 bil61.6 bilChina
99%
8.89 bilUnited Kingdom
97%
4.82 bilFrance
94%
4.53 bilJapan
93%
9.41 bilAustralia
91%
7.02 bil11.8 bilGermany
91%
13.9 bilIndonesia
90%
13.1 bilSouth Korea
86%
6.97 bil21.3 bilSaudi Arabia
86%
5.52 bil3.33 bilBangladesh
85%
6.23 bilIran
83%
4.89 bil9.56 bilMalaysia
81%
5.50 bilSri Lanka
80%
29.9 bil20.3 bilUnited Arab Emirates
80%
7.81 bil7.40 bilSingapore
78%
4.44 bilTurkey
76%
5.36 bilVietnam
75%
6.28 bilSouth Africa
72%
4.88 bilNetherlands
69%
11.3 bilIraq
67%
9.64 bilQatar
65%
5.92 bilKuwait
63%
5.01 bil8.34 bilBelgium
60%
21.1 bilSwitzerland
53%
10.2 bilNigeria
37%
6.64 bilVenezuela
11%

Score Distribution

Percentile by Number Answered

Percent of People with Each Score

Your Score History

You have not taken this quiz